| 000 | 00581cam a2200205ua 4500 | ||
|---|---|---|---|
| 001 | 11216 | ||
| 005 | 20260515114724.0 | ||
| 008 | 190903n ii |||gr||||Z||||||eng | ||
| 020 | _a9780198071600 | ||
| 040 | _cMAIN | ||
| 041 | _aeng | ||
| 082 | _a342.54 | ||
| 100 |
_aSarbani Sen, _eAuthor. |
||
| 245 |
_aConstitution of india : _bPopular sovereignty and democratic transformations / _cBy Sarbani Sen . |
||
| 250 | _a1st ed pap. | ||
| 260 |
_aNew Delhi: _bOxford university press, _c2010. |
||
| 300 | _a214p. | ||
| 653 | _aConstitutional & administrative law | ||
| 942 | _cBK | ||
| 999 |
_c10068 _d10068 |
||